Statistics for Most Political States

Click here to take the quiz!

General Stats

  • This quiz has been taken 39 times
  • The average score is 8 of 10

Answer Stats

Republican % Population State % Correct
61.5 %39,250,000California
100%
59.0 %19,750,000New York
97%
62.2 %1,429,000Hawaii
86%
68.2 %585,501Wyoming
81%
60.0 %6,812,000Massachusetts
78%
63.0 %757,952North Dakota
72%
65.3 %3,924,000Oklahoma
69%
62.5 %4,437,000Kentucky
69%
60.3 %6,016,000Maryland
69%
67.9 %1,831,000West Virginia
56%

Score Distribution

Percentile by Number Answered

Percent of People with Each Score

Your Score History

You have not taken this quiz